00365 2200145 4500245004700000020002100047250001000068100001900078650002000097005001900117260003500136041001400171084000800185300002600193 aPricess Academy KepocAssyifa S.ArumhText a978-602-367-4930 aCet.1 aAssyifa S.Arum aFiksi Indonesia a20240925143300 aJakartabMuffin Graphicsc2018 aIndonesia a813 a92 hlm :cilust 21 cm